000 01034nam a2200229Ia 4500
999 _c54675
_d54675
001 21742
003 GE_BSU
005 20220208162101.0
008 181216s ||||ge |||||||||||||| ||geo||
040 _cGE_BSU
041 _ageo
080 _a81(479.22)(092)+821.353.1-94 ხ-88
245 _aხსოვნის წიგნი /
_cრედაქტორი გუჩა კვარაცხელია.
264 _aთბილისი :
_b[?],
_c1998.
300 _a52 გვ. :
_bფოტოები ;
_c 30 სმ.
541 _h3 ლ.
653 _aქართული ენა
653 _aხსოვნის წიგნი
700 _aკვარაცხელია, გუჩა
_eრედაქტორი
_913498
710 _aსაქართველოს მეცნიერებათა აკადემია
_bარნ. ჩიქობავას სახელობის ენათმეცნიერების ინსტიტუტი
_913499
942 _cBK
_2udc